Improvement In Condensate Recovery For Energy Conservation Using Six Sigma Methodology In A Textile Industry / (Record no. 608764)
[ view plain ]
| 000 -LEADER | |
|---|---|
| fixed length control field | 02249nam a22001577a 4500 |
| 082 ## - DEWEY DECIMAL CLASSIFICATION NUMBER | |
| Classification number | 670 |
| 100 ## - MAIN ENTRY--PERSONAL NAME | |
| Personal name | Hussain Shah, Abdul Qadeer |
| 245 ## - TITLE STATEMENT | |
| Title | Improvement In Condensate Recovery For Energy Conservation Using Six Sigma Methodology In A Textile Industry / |
| Statement of responsibility, etc. | Abdul Qadeer Hussain Shah |
| 264 ## - PRODUCTION, PUBLICATION, DISTRIBUTION, MANUFACTURE, AND COPYRIGHT NOTICE | |
| Place of production, publication, distribution, manufacture | Islamabad : |
| Name of producer, publisher, distributor, manufacturer | SMME- NUST; |
| Date of production, publication, distribution, manufacture, or copyright notice | 2024. |
| 300 ## - PHYSICAL DESCRIPTION | |
| Extent | 73p. |
| Other physical details | Soft Copy |
| Dimensions | 30cm |
| 500 ## - GENERAL NOTE | |
| General note | The hot byproduct of steam, called condensate, still retains 25% of the energy from the<br/>original steam. Rather than draining it, it makes more sense to return it to the boiler. In<br/>today's world, energy is a precious resource and we are facing an energy crisis. Pakistan is<br/>currently experiencing one of the worst energy crises in its history. As a result, the textile<br/>industry is struggling due to high production costs compared to other global markets.<br/>However, condensate has now become a valuable resource that can significantly reduce<br/>operating costs.<br/>Every day, approximately 840 m3 of water is fed into the coal-fired steam boiler, which<br/>generates 820 tons of steam. 300 tons of steam are supplied to Processing Div. II, with 80<br/>tons used directly on machines and the remaining steam used indirectly through heat<br/>exchangers. This leaves about 154 m3 of condensate at 80-90 ℃ that can either be wasted<br/>or returned to the system for reuse.<br/>This report serves as an optimized tool for conducting a cost-benefit analysis of condensate<br/>recovery systems. Advanced techniques were used to identify the root causes of condensate<br/>wastage. A detailed audit of the Processing Div. II was conducted, data was collected and<br/>analyzed, and potential improvements were identified. Some repair and maintenance<br/>activities were completed and others are currently in progress. Ultimately, a model will be<br/>designed to find potential savings by upgrading the current condensate recovery system.<br/>This report promotes a zero-drain approach in the textile industry, contributing to a<br/>sustainable environment and reducing fabric costs. |
| 650 ## - SUBJECT ADDED ENTRY--TOPICAL TERM | |
| Topical term or geographic name entry element | MS Design and Manufacturing Engineering |
| 700 ## - ADDED ENTRY--PERSONAL NAME | |
| Personal name | Supervisor : Dr. Shahid Ikramullah Butt |
| 856 ## - ELECTRONIC LOCATION AND ACCESS | |
| Uniform Resource Identifier | <a href="http://10.250.8.41:8080/xmlui/handle/123456789/42796">http://10.250.8.41:8080/xmlui/handle/123456789/42796</a> |
| 942 ## - ADDED ENTRY ELEMENTS (KOHA) | |
| Source of classification or shelving scheme | |
| Koha item type | Thesis |
| Withdrawn status | Permanent Location | Current Location | Shelving location | Date acquired | Full call number | Barcode | Koha item type |
|---|---|---|---|---|---|---|---|
| School of Mechanical & Manufacturing Engineering (SMME) | School of Mechanical & Manufacturing Engineering (SMME) | E-Books | 04/01/2024 | 670 | SMME-TH-1008 | Thesis |
